| 000 | 00361nam a2200121 a 4500 | ||
|---|---|---|---|
| 005 | 20140414132109.0 | ||
| 008 | 110106s19uu xx 00 eng d | ||
| 050 |
_aTR _bL72 2010 |
||
| 245 |
_aThe little mermaid underwater world : _ba little book about sea life. |
||
| 260 |
_aQueenstreet, UK : _bParragon, _c2010. |
||
| 440 | _aDisney Board Book | ||
| 999 |
_c114679 _d114679 |
||